000 00471 a2200181 4500
005 20260106110845.0
008 260106b |||||||| |||| 00| 0 eng d
020 _a9789389484151
_cRs. 450.00
040 _aMAIN
082 _a362.4
_bM412D
100 _aMataniya, Aradhana
245 _aDivyangata ka parichya
260 _bKanishka Publisher, Distributors
_c2025
_aNew Delhi
300 _a118
650 _aDisabilities
650 _aSocial Problem
942 _cBK
999 _c393814
_d393814